000 00415nam a22001457a 4500
003 URS
005 20220114171958.0
008 180723b xxu||||| |||| 00| 0 eng d
020 _a9789814738248
050 1 0 _aHB 171.5
_bM392 2015
100 1 _aMcConnel, Campbell R.,
_d2015-
_eauthor
245 1 0 _aEconomics :
_bprinciples, problems, and policies /
_cCampbell R. McConnel.
250 _a20th edition
942 _2lcc
_cFR
999 _c15349
_d15349